Регионална библиотека "Любен Каравелов" - Русе

Изчезналите (Запис номер 91410)

MARC детайли
000 -Лидер
Контролно поле с фиксирана дължина 01583nam a2200409 c 4500
003 - Код на организацията, давaща контролен номер
Контролно поле BLK
005 - Дата и час на последна редакция
Контролно поле 20221112122308.0
008 - Елементи от данни с фиксирана дължина
fixed length control field 180408b bul|||||r ||||||| ||bul||
010 ## - Наследен системен номер
LC control number KNG00096167000
020 ## - Международен стандартен номер на книга ISBN
Международен стандартен номер на книга ISBN 978-954-28-0667-7
-- издат.: Сиела Софт енд Паблишинг
040 ## - Източник на каталожния запис
Идентификатор на билиотеката - собственик на записа BLK
041 ## - Код за език
Код за езика на текст/звукозапис или на отделно заглавие Български
Код за езика КДБФ Български
072 #7 - Код за тематичната категория
Код организация bullib
Код за тематична категория Н92
Текст История Н
080 ## - УДК
Текстов определител УДК Обща световна история. История на света
УДК код - определител по УДК 930.9
УДК определител (092)(0:82-9)
УДК - код + определител 930.9(092)(0:82-9)
080 ## - УДК
Текстов определител УДК Английска литература
УДК код - определител по УДК 821.111
УДК определител -94
УДК - код + определител 821.111-94
080 ## - УДК
Текстов определител УДК Биографии
УДК код - определител по УДК 929
УДК определител (100)
УДК - код + определител 929(100)
100 1# - Редна дума - Автор
Автор Крофтън, Иън
Авторска отговорност първи автор
R(LIN) 304411
139 ## - Редно поле
Редна дума Крофтън, Йън
Авторски знак Кро - К 91
245 10 - Сведения за заглавието
Заглавие Изчезналите
Редно поле (дума) * Йън Крофтън; Иън Крофтън; прев. Анна Вълковска.
257 ## - Страна на издаване
Страна на създаване/издаване Великобритания
260 ## - Област на издателските данни
-- София
Име на издателя, разпространителя и проч. Сиела Софт енд Паблишинг
Година на издаване 2010
300 ## - Физическа характеристика
Страници 264 с.
Размери/Мащаб 23 см
380 ## - Жанр
Жанр История
490 1# - СЕРИИ (Колекции)
Име на серия Historia incognita
500 ## - Общи забележки
Забележка Ориг. загл. Disappeared / Ian Crofton. - Офс. изд.
650 #4 - Допълнително описание по предмет – тема
Основно описание – тема или топоним История, световна
9 (RLIN) 261939
650 #4 - Допълнително описание по предмет – тема
Основно описание – тема или топоним История, обща
9 (RLIN) 264694
653 ## - Ключова дума – ненормативна
Ключова дума световна история
659 ## - Тематичен бюлетин
Тематичен бюлетин Н
700 1# - Други автори (авторска отговорност)
Лично име Крофтън, Йън
Автороска отговорност (Описва отношението между автора и произведението) *
9 (RLIN) 373619
700 1# - Други автори (авторска отговорност)
Лично име Вълковска, Анна
Автороска отговорност (Описва отношението между автора и произведението) прев.
9 (RLIN) 49853
852 ## - Местоположение
Форматна сигнатура Цб 248126
856 4# - Електронен адрес и достъп
Електронен формат pdf - файл
Път до файла /url/
856 4# - Електронен адрес и достъп
Електронен формат pdf - файл
Път до файла /url/
942 ## - АРТИКУЛИ
Вид на библиотечния материал Книги
Скрит в OPAC Не
Koha issues (borrowed), all copies 9
944 ## - СЪЗДАВАНЕ И РЕДАКЦИЯ на ЗАПИСА
Създаване/Редакция Създаване
Дата на регистрацията/редакция 18.05.2010
Статус, дата на статуса ф /
Служител, извършил регистрацията/редакцията Людмила_Стоянова
944 ## - СЪЗДАВАНЕ И РЕДАКЦИЯ на ЗАПИСА
Създаване/Редакция Редакция
Дата на регистрацията/редакция 13.03.2013
Статус, дата на статуса ф /
Служител, извършил регистрацията/редакцията
999 ## - СИСТЕМНИ КОНТРОЛНИ НОМЕРА
Koha biblionumber 91410
Koha biblioitemnumber 91410
Наличности
Код за отписване Код за изгубен артикул Източник на класификационната схема Код за повреда Коз за рестрикции Код за отдаване Артикулен № Име на библиотеката - собственик Име на библиотеката, в която се намира в момента Статус (Текущо местоположение) Дата на вписване в системата Местоположение - отдел Цена в лева Инвентарен номер Систематично азбучна сигнатура Баркод Номер на екземпляра Цена в евро Служебна бележка Служебен тип на артикула
  Не е изгубен Universal Decimal Classification Не е повреден без рестрикции заемане за дома 147416 Регионална библиотека "Любен Каравелов" Русе Регионална библиотека "Любен Каравелов" Русе Заемна - подръчен фонд 2010-05-18 Заемна - подръчен фонд 15.00 120000744414 930/К 91 И 120000744414 1 7.67 Дост: Pk Вид: Ф N: 27777 Дата: 18.05.2010 Дата инв: 07.02.2018 Бележки инв: П2018 Книги
  Не е изгубен Universal Decimal Classification Не е повреден без рестрикции заемане за дома 147417 Регионална библиотека "Любен Каравелов" Русе Регионална библиотека "Любен Каравелов" Русе Заемна - подръчен фонд 2011-12-19 Заемна - подръчен фонд 16.00 120000755828 930/К 91 И 120000755828 2 8.18 Дост: Pk Вид: Ф N: 291 Дата: 15.12.2011 Дата инв: 07.02.2018 Бележки инв: П2018 Книги
  Не е изгубен   Не е повреден без рестрикции ползва се в читалня 147418 Регионална библиотека "Любен Каравелов" Русе Регионална библиотека "Любен Каравелов" Русе Хранилище 2012-08-23 Хранилище 16.00 120000759377 Цб 248126 120000759377 3 8.18 Дост: Dp Вид: Д N: 28 Дата: 11.07.2011 Книги
  Не е изгубен Universal Decimal Classification Не е повреден без рестрикции заемане за дома 147419 Регионална библиотека "Любен Каравелов" Русе Регионална библиотека "Любен Каравелов" Русе Заемна - подръчен фонд 2013-03-11 Заемна - подръчен фонд 11.20 120000764864 930/К 91 И 120000764864 4 5.73 Дост: Pk Вид: Ф N: 423 Дата: 03.03.2013 Дата инв: 07.02.2018 Бележки инв: П2018 Книги
Vip Innovations Ltd, Rousse, Bulgaria 2025